| 000 | 00488nam a22001817a 4500 | ||
|---|---|---|---|
| 005 | 20240403111447.0 | ||
| 010 | _aENG-140025 | ||
| 020 |
_a9788195358380 _c300.00 |
||
| 035 | _aEN-123557 | ||
| 037 | _bDBAD | ||
| 082 | _aS | ||
| 100 |
_aSriwastav, Suraj _964243 |
||
| 245 |
_aSurvivors & Other Stories / _cby Suraj Sriwastav |
||
| 260 |
_aKolkata _bWriters Workshop _c2021 |
||
| 270 |
_aC-532, Lake Garden _bKolkata _e700045 |
||
| 300 |
_a88p; _c22(Pb) |
||
| 942 |
_2ddc _cEN _hS _mSRI |
||
| 999 |
_c201909 _d201909 |
||